000 00465nam a2200169Ia 4500
008 180921t2016 xxu||||| |||| 00| 0 sin d
041 _asin
080 _a8-31
_bPUT
245 _aපුතු වෙනුවෙන් විකිණුනු
246 _aPutu Wenuwen Vikinunu
260 _bWijesooriya
_aBoralla
_c2016
300 _a220p, 21cm
700 _aD.P. Samarasinghe
_etr.
942 _cBK
999 _c11547
_d11547
003 LK-CoDNM
040 _aLK-CoDNM
_dLK-CoDNM
_eLK-CoDNM